Trastornos fonológicos en el niño / (Registro nro. 2500)
[ vista simple ]
| 000 -LEADER | |
|---|---|
| campo de control de longitud fija | 00619nam a22001937a 4500 |
| 001 - NÚMERO DE CONTROL | |
| campo de control | 2500 |
| 003 - IDENTIFICADOR DE NÚMERO DE CONTROL | |
| campo de control | HMS |
| 005 - FECHA Y HORA DE LA ÚLTIMA TRANSACCIÓN | |
| campo de control | 20250613114627.0 |
| 008 - DATOS DE LONGITUD FIJA--INFORMACIÓN GENERAL | |
| campo de control de longitud fija | 250613e1983 cl |||fqntu| 001 0 spa |
| 020 ## - NÚMERO INTERNACIONAL ESTÁNDAR DEL LIBRO | |
| Número Internacional Estándar del Libro | 8485298837 |
| 040 ## - FUENTE DE CATALOGACIÓN | |
| Centro catalogador/agencia de origen | hms |
| Lengua de catalogación | spa |
| Centro/agencia transcriptor | hms |
| 050 04 - SIGNATURA TOPOGRÁFICA DE LA BIBLIOTECA DEL CONGRESO | |
| Número de clasificación | WV500 |
| Número de ítem | I54 |
| 245 00 - MENCIÓN DEL TÍTULO | |
| Título | Trastornos fonológicos en el niño / |
| Mención de responsabilidad, etc. | Editores David Ingram, Jean Cooper. |
| Medio | [libro] |
| 246 ## - FORMA VARIANTE DEL TITULO | |
| Título propio/Titulo breve | Título original: Phonological disability in children |
| 260 ## - PUBLICACIÓN, DISTRIBUCIÓN, ETC. | |
| Lugar de publicación, distribución, etc. | Barcelona, España : |
| Nombre del editor, distribuidor, etc. | Editorial Médica y Técnica, |
| Fecha de publicación, distribución, etc. | 1983 |
| 300 ## - DESCRIPCIÓN FÍSICA | |
| Extensión | 193 páginas |
| 490 1# - MENCIÓN DE SERIE | |
| Mención de serie | Actualidades Pedagógicas y Psicológicas. |
| 942 ## - ELEMENTOS DE ENTRADA SECUNDARIOS (KOHA) | |
| Fuente del sistema de clasificación o colocación | Clasificación de Library of Congress |
| Tipo de ítem Koha | Colección Médica |
| Suprimir en OPAC | No |
| Estatus retirado | Estado de pérdida | Fuente del sistema de clasificación o colocación | Estado de daño | No para préstamo | Colección | Biblioteca de origen | Biblioteca actual | Ubicación en estantería | Fecha de adquisición | Fuente de adquisición | Número de inventario | Total de préstamos | Signatura topográfica completa | Código de barras | Visto por última vez | Copia número | Precio de reemplazo | Tipo de ítem Koha |
|---|---|---|---|---|---|---|---|---|---|---|---|---|---|---|---|---|---|---|
| Clasificación de Library of Congress | Colección Reserva | Biblioteca Hospital Militar de Santiago | Biblioteca Hospital Militar de Santiago | Full Space | 13/06/2025 | Donación Ed. Mediterráneo | 000840 | WV500 I54 1ªed 1983 | 000840 | 13/06/2025 | c.1 | 13/06/2025 | Colección Médica |
